Statistics for Canada World Cup 2022 Squad

Click here to take the quiz!

General Stats

  • This quiz has been taken 6 times
  • The average score is 12 of 26

Answer Stats

PositionClubPlayer% Correct
FWBayern MunichAlphonso Davies
100%
FWLOSC LilleJonathan David
100%
MFBesiktasAtiba Hutchinson
80%
GKRed Star BelgradeMilan Borjan
80%
MFFC PortoStephen Eustaquio
80%
FWClub BruggeCyle Larin
60%
DFCF MontrealKamal Miller
60%
DFToronto FCRichie Laryea
60%
DFHataysporSam Adekugbe
60%
FWClub BruggeTajon Buchanan
60%
DFCF MontrealAlistair Johnston
40%
MFSt. JohnstoneDavid Wotherspoon
40%
GKMinnesota UnitedDayne St. Clair
40%
FWES TroyesIke Ugbo
40%
MFToronto FCJonathan Osorio
40%
MFReadingJunior Hoilett
40%
DFChavesSteven Vitoria
40%
DFPanetolikosDerek Cornelius
20%
MFCF MontrealIsmael Kone
20%
GKCF MontrealJames Pantemis
20%
DFCF MontrealJoel Waterman
20%
MFDeinzeLiam Fraser
20%
MFFC BaselLiam Millar
20%
FWVancouver WhitecapsLucas Cavallini
20%
MFToronto FCMark-Anthony Kaye
20%
MFCF MontrealSamuel Piette
20%

Score Distribution

Percentile by Number Answered

Percent of People with Each Score

Your Score History

You have not taken this quiz